000
00299nam a22001337a 4500
003
SGT
082
_a
340,ROS
100
_a
ROSEDAR,S.R.A.
245
_a
CODE OF CRIMINAL PROCEDURE
260
_a
GURGAON
_b
LEXIS NEXIS
_c
2014
300
_a
157
650
_a
CODE OF CRIMINAL PROCEDURE
942
_2
ddc
_c
BK
999
_c
11267
_d
11267